000 00878nam a2200229Ii 4500
003 JO-AjNU
008 230605s9999||||xx |||||||||||||| ||und||
017 _a2005/9/2350
020 _a9957-16-080-X
040 _aJO-AjNU
_bara
_erda
_cJO-AjNU
041 _aara
050 1 4 _aK5223.D35.2006
100 3 _aتقديم الدليمي ، مفيد نايف ، اشراف الحديثي ، فخري ,
_eauthor
_925102
245 0 0 _aغسيل الأموال في القانون الجنائي " دراسة مقارنة "
250 _aط1
264 3 1 _aعمان : دار الثقافة ، 2006
300 _a368ص
_b أطروحة دكتوراه
336 _atext
_btxt
_2rdacontent
337 _aunmediated
_bn
_2rdamedia
338 _avolume
_bnc
_2rdacarrier
650 4 _aالقانون الجنائي --جرائم الأموال --الجرائم الاقتصادية
_925103
999 _aA9345
_c12913
_d12913